000 00631nam a2200193 a 4500
001 000008192
005 20240412074205.0
008 090915t1985 dr a 000 j spa d
040 _aDO-SdBNP
_bspa
_cBNPHU
082 _aRD863.44
_bH542s
100 1 _aHeredia Álvarez, Darío
_922230
245 1 0 _aSátiras al abuso y al poder :
_bcuentos cortos /
_cDarío Heredia Álvarez.
260 _aSanto Domingo :
_bAlfa y Omega,
_c1985.
300 _a106 p. :
_bil. ;
_c21 cm.
590 _aInventariado, 2019/BT
650 0 _aCuentos dominicanos
_9176
650 0 _aLiteratura dominicana.
_967
910 _aValidado. Control de calidad EMS.
999 _c7966
_d7966